000 00678cab a2200241 4500
001 WB3226-16
008 090401t1996 xxu||||| |||| 00| 0 eng d
035 _a(Sirsi) u44836
041 _aeng
245 _aTowns to meet housing need
260 _c1996
350 _a0
490 _aDoE News Release
_v(284) 2 July 1996, (4)
520 _aPlanning minister argues that best use should be made of existing towns to meet the demand for new housing.
650 _aGOVERNMENT POLICY
650 _aHOUSEHOLD PROJECTIONS
650 _aHOUSING DEMAND
650 _aNEW HOUSING
650 _aPLANNING POLICIES
690 _aHOUSING
942 _n0
948 _c04/03/1997
999 _c28489
_d28489